| 000 | 00399cam a2200157ua 4500 | ||
|---|---|---|---|
| 003 | OSt | ||
| 008 | 250325b |||||||| |||| 00| 0 eng d | ||
| 020 | _a0-07-451775-2 | ||
| 041 | _aeng | ||
| 082 |
_a621.902 _bMEH/MA |
||
| 100 |
_aMehta, N.K . _97346 |
||
| 245 | _aMachine tool design / | ||
| 260 |
_aNew Delhi : _bTata Mc-Graw Hill Publishing Company , _c1984. |
||
| 300 | _a445 ; . | ||
| 942 | _cBK | ||
| 999 |
_c7584 _d7584 |
||